000 nam a22 7a 4500
999 _c9330
_d9330
008 180127b ||||| |||| 00| 0 eng d
100 _aPooranmal.etal.
_95584
245 _aGlobal Mathematics-3
260 _aNew Delhi
_bAngel International
_c2005